00383 a2200109 4500001001000000005001700010008004100027245009800068100002800166773006200194999001700256ART_1020720260410161848.0260409a 10aUn teorema sobre la relación de estabilidad Hicksiana y la verdadera estabilidad dinámica1 aFernandez Pol, Jorge E.0 tEconómicag- Año XVI, Nº 2 (may./ago. 1970)wREV7541 c24727d24727